Statistics for Cities With One Million People by Letter - S

Click here to take the quiz!

General Stats

  • This quiz has been taken 453 times
  • The average score is 31 of 50

Answers on the Map

Answers color-coded by a green-red scale on the quiz's map according to % correct below.
Loading ...
 

Answer Stats

City% Correct
San Francisco
98%
Santiago
98%
Seattle
98%
Sana'a
97%
Sydney
96%
Stockholm
96%
Saint Petersburg
96%
São Paulo
96%
San Diego
95%
San José
95%
Seoul
94%
Sofia
92%
Shanghai
92%
Santo Domingo
90%
Singapore
88%
Seville
88%
Sacramento
87%
San Antonio
87%
San Salvador
84%
Stuttgart
83%
Salt Lake City
83%
St. Louis
81%
Sapporo
80%
San Juan
79%
Sheffield
78%
Salvador
73%
Southampton
73%
Surabaya
63%
Surat
54%
Santa Cruz
52%
Shenyang
50%
Samara
44%
Shiraz
39%
Shantou
38%
Sendai
34%
São Luís
31%
Stockton
30%
Saratov
29%
San Pedro Sula
27%
Sousse
23%
Santos
22%
Shijiazhuang
22%
Semarang
19%
San Luis Potosí
18%
Srinagar
15%
Salem
14%
Shizuoka
10%
Surakarta
10%
Serang
8%
Sholapur
6%

Score Distribution

Percentile by Number Answered

Percent of People with Each Score

Your Score History

You have not taken this quiz